000 00745nam a2200229Ia 4500
001 8748
003 GE_BSU
008 181216s||||||||xx |||||||||||||| ||und||
040 _cGE_BSU
080 _a821.353.1-1
100 _aიმედაძე,გრიგოლ
245 _aბრძოლა და სიყვარული.
245 _bლექსები
245 _cრედ.ა. გაბესკირია.მხატვ.დ.დონდუა
260 _aთბილისი
260 _bსაბჭოთა მწერალი
260 _c1960
300 _a142გვ.13სმ.
653 _aბრძოლა და სიყვარული.
653 _aლექსები
942 _cBK
999 _c42058
_d42058